000 00679nam a22002177a 4500
005 20251108172847.0
008 250721s2004 xx 000 0 ara d
020 _a9772873842
082 1 4 _a629.25/عطي
100 1 _aعطيه، عطيه علي
245 1 0 _aالنظم الالكترونيه لحقن الوقود /
264 1 _aالقاهره :
_bدار الكتب العلميه للنشر و التوزيع،
_c2004.
300 _a143ص
650 1 7 _aالسيارات
650 1 7 _aالنظم الإلكترونية
650 1 7 _aالوقود
650 1 7 _aالمحركات
700 1 _aابراهيم، اسماعيل
942 _2ddc
_cBK
999 _c90277
_d90277